000 00915cab a22002055a 4500
001 L141631
008 071206e20071124xxkd f 000 0 eng d
035 _a(Sirsi) u141631
041 0 _aeng
100 1 _aLowe, David
245 0 0 _aSecurity and strength
260 _c2007
490 0 _aEstates Gazette
_v(0747) 24 November 2007, 160-162(3)
520 _aReports that duty of care deeds are becoming more common. Discusses what property managers need to know about them and the main legal issues to consider. Considers the form of the deed, what the deed involves. Identifies the challenges for property managers, including the fact that they are typically presented at the eleventh hour as non-negotiable and drafted in favour of the funder.
590 _aKA
651 4 _aUnited Kingdom
_y
690 _aPROPERTY-COMMERCIAL PROPERTY-COMMERCIAL PROPERTY MANAGEMENT
700 1 _aTudor,Simone
942 _n0
999 _c79554
_d79554